Statistiken für Kader SpVgg Greuther Fürth

Klicken Sie hier um das Quiz zu spielen!

Allgemein

  • Dieses Quiz wurde 19 mal gespielt
    (13 seit der letzten Aktualisierung)
  • Das Durchschnittsergebnis liegt bei 17 aus 26

Antwortstatistiken

#Spieler% Korrekt
1Andreas Linde
100%
10Branimir Hrgota
100%
40Jonas Urbig
100%
37Julian Green
100%
22Robert Wagner
100%
2Simon Asta
100%
19Tim Lemperle
100%
Alexander Zorniger
89%
30Armindo Sieb
89%
11Dickson Abiama
89%
4Damian Michalski
78%
7Dennis Srbeny
67%
5Oussama Haddadi
67%
23Gideon Jung
56%
27Luca Itter
56%
16Lukas Petkov
56%
14Jomaine Consbruch
44%
21Kerim Calhanoglu
44%
25Leon Schaffran
44%
33Maximilian Dietz
44%
3Oualid Mhamdi
44%
6Sidney Raebiger
44%
31Devin Angleberger
33%
41Lasse Schulz
33%
18Marco Meyerhöfer
33%
13Orestis Kiomourtzoglou
22%

Verteilung der Resultate

Perzentil nach korrekt beantworteten Fragen

Anzahl Personen mit jedem Resultat

Ihre Resultats-Entwicklung

Sie haben dieses Quiz seit der letzten Aktualisierung nicht gespielt